Sports Quiz

Random Sports or MLB Quiz

MLB Most HRs by first double-digit season Quiz Stats

 Plays Quiz not verified by Sporcle

Score 0/69 Timer 10:00
0 Plays Today
Year: Player: % Correct
1st season:Albert Pujols (607)
97.4%
1st season:Ken Griffey Jr. (630)
96.5%
1st season:Barry Bonds (762)
96.1%
1st season:Mickey Mantle (536)
96.1%
2nd season:Mark McGwire (583)
95.7%
1st season:Willie Mays (660)
95.2%
1st season:Ted Williams (521)
95.2%
2nd season:Frank Thomas (521)
95.2%
3rd season:Billy Williams (426)
95.2%
1st season:Hank Aaron (755)
94.8%
3rd season:Alex Rodriguez (696)
94.8%
4th season:Jim Thome (612)
93.5%
2nd season:Reggie Jackson (563)
92.2%
3rd season:Lou Gehrig (493)
92.2%
2nd season:Mike Schmidt (548)
91.3%
1st season:Willie McCovey (521)
90.9%
5th season:Babe Ruth (714)
90.9%
1st season:Frank Robinson (586)
90%
2nd season:Ernie Banks (512)
90%
6th season:Brooks Robinson (268)
89.6%
2nd season:Sammy Sosa (609)
88.3%
4th season:Jimmie Foxx (534)
87%
2nd season:Manny Ramirez (555)
85.7%
3rd season:Mel Ott (511)
85.7%
4th season:Aramis Ramirez (386)
85.7%
2nd season:Willie Stargell (475)
84.8%
6th season:Roberto Clemente (240)
84.3%
3rd season:Paul Konerko (439)
80.9%
2nd season:Rafael Palmeiro (569)
80%
4th season:Carlos Delgado (473)
79.6%
4th season:Edgar Martinez (309)
78.7%
4th season:Ryne Sandberg (282)
78.3%
1st season:Eddie Mathews (512)
77.4%
3rd season:Juan Gonzalez (434)
77%
3rd season:Gary Sheffield (509)
76.1%
Year: Player: % Correct
7th season:Robin Yount (251)
73.9%
3rd season:Duke Snider (407)
71.3%
2nd season:Fred McGriff (493)
70%
3rd season:Darrell Evans (414)
70%
4th season:David Ortiz (541)
67%
6th season:Harmon Killebrew (573)
64.3%
7th season:Rogers Hornsby (301)
63%
7th season:Alan Trammell (185)
62.2%
5th season:Paul Molitor (234)
59.1%
3rd season:Alfonso Soriano (412)
57.4%
5th season:Vinny Castilla (320)
56.1%
6th season:Lou Whitaker (244)
56.1%
6th season:Steve Garvey (272)
54.8%
5th season:Torii Hunter (353)
53.9%
4th season:Rickey Henderson (297)
53.5%
5th season:Kirk Gibson (255)
48.3%
5th season:Cecil Cooper (241)
47.4%
7th season:Frank White (160)
43%
5th season:Nelson Cruz (305)
37.4%
6th season:Roberto Alomar (210)
34.3%
5th season:Ted Simmons (248)
31.7%
5th season:John Mayberry (255)
28.7%
7th season:Harry Heilmann (183)
28.3%
4th season:Graig Nettles (390)
25.2%
6th season:Ben Oglivie (235)
24.8%
5th season:Dusty Baker (242)
18.3%
6th season:Cliff Floyd (233)
16.5%
8th season or later:Bill Buckner (174)
13%
6th season:Steve Finley (304)
12.2%
6th season:Raul Ibanez (305)
11.7%
4th season:Hank Sauer (288)
9.6%
8th season or later:Mike Stanley (187)
8.3%
8th season or later:B.J. Surhoff (188)
7.8%
8th season or later:Mickey Vernon (172)
2.2%

You're not logged in!

Compare scores with friends on all Sporcle quizzes.
OR
Log In

You Might Also Like...

Show Comments

Extras

Top Quizzes Today


Score Distribution

Your Account Isn't Verified!

In order to create a playlist on Sporcle, you need to verify the email address you used during registration. Go to your Sporcle Settings to finish the process.

Report this User

Report this user for behavior that violates our Community Guidelines.

Details: